[Event "TCh-BIH"]
[Site "Neum BIH"]
[Date "2008.06.09"]
[Round "6"]
[White "Kozul,Z"]
[Black "Ivanisevic,I"]
[Result "0-1"]
[WhiteElo "2583"]
[BlackElo "2649"]

1.d4 Nf6 2.c4 e6 3.Nf3 d5 4.Nc3 c6 5.e3 Nbd7 6.Bd3 dxc4 7.Bxc4 b5 8.Bd3 a6
9.e4 c5 10.d5 c4 11.Bc2 Qc7 12.O-O Bc5 13.b3 O-O 14.bxc4 bxc4 15.Rb1 Rb8
16.Bg5 Rxb1 17.Bxb1 Bb4 18.Qc2 Ng4 19.Ne2 Bb7 20.Bf4 e5 21.Bd2 a5 22.Qb2 Rb8
23.Bxb4 axb4 24.Qxb4 Bxd5 25.Qe7 Bc6 26.Ng5 Rf8 27.Ne6 fxe6 28.Qxe6+ Rf7
29.Qxg4 Nf6 30.Qe6 Bxe4 31.Rc1 Bd5 32.Qh3 Qc5 33.Qe3 Qxe3 34.fxe3 Ng4 35.Nc3 Bc6
36.e4 Rb7 37.h3 Nf6 38.Rd1 Kf7 39.Kf2 Rb2+ 40.Kf3 Ke7 41.Re1 Kd6 42.Re2 Rb8
43.Ke3 Kc5 44.Rf2 Ra8 45.Rf5 Ra3 46.Kd2 Kd4 47.Rf3 Ra7 48.g4 h6 49.Bc2 Nh7
50.h4 Nf6 51.g5 hxg5 52.hxg5 Nh5 53.Kc1 Nf4 54.Kb2 Kc5 55.Rf1 Kd4 56.Rd1+ Nd3+
57.Bxd3 cxd3 58.Ne2+ Kxe4 59.Nc1 Bb5 60.Kc3 Rc7+ 61.Kb4 Bc4 62.a4 Ke3 63.Re1+ Kd2
64.Nxd3 Kxd3 65.Rxe5 Kd4 66.Rf5 Rb7+ 67.Ka5 Be6 68.Rf8 Ke5 69.Ka6 Rb4 70.a5 Bf5
71.Ka7 Kf4 72.Rf7 g6 73.a6 Kxg5 74.Rb7 Ra4 75.Rb5 Kf4  0-1

[Event "FSIM June"]
[Site "Budapest HUN"]
[Date "2008.06.10"]
[Round "4"]
[White "Werner,Di"]
[Black "Schmidt,Rau"]
[Result "1/2-1/2"]
[WhiteElo "2300"]
[BlackElo "2343"]

1.d4 d5 2.c4 e6 3.Nf3 c6 4.e3 Nf6 5.Nc3 Nbd7 6.Bd3 Bd6 7.O-O O-O 8.Qc2 dxc4
9.Bxc4 e5 10.Bb3 Qc7 11.Bd2 Re8 12.h3 exd4 13.exd4 Nf8 14.Bg5 Nh5 15.Rac1 Be6
16.Bxe6 Nxe6 17.d5 cxd5 18.Qf5 Qc4 19.b3 Qc5 20.Nxd5 Ng3 21.Qd3 Ne2+ 22.Qxe2 Qxd5
23.Rfd1 Qf5 24.Qc2 Qxc2 25.Rxc2 Nxg5 26.Nxg5 Rad8 27.g3 f6 28.Nf3 Kf7 29.Kf1 Bb8
30.Rd4 a6 31.h4 h5 32.Rcd2 Bc7 33.Rc4 Bb8 34.Rb4 b5 35.Rbd4 Rxd4 36.Rxd4 Rc8
37.Rd7+ Ke6 38.Rb7 Rc1+ 39.Ke2 Bd6 40.a4 bxa4 41.bxa4 Rc2+ 42.Kd3 Rxf2 43.Nd4+ Kd5
44.Rxg7 Ra2 45.Ne2 Be5 46.Rd7+ Ke6 47.Rh7 Rxa4 48.Rxh5 a5 49.Rh7 Bxg3 50.h5 Ra3+
51.Kd2 Bd6 52.h6 Rh3 53.Kc2 a4 54.Ra7 Rh2 55.Kd3 a3 56.Nd4+ Kd5 57.Ra5+ Bc5
58.Nb3  1/2-1/2

[Event "Aerosvit"]
[Site "Foros UKR"]
[Date "2008.06.10"]
[Round "3"]
[White "Onischuk,Al"]
[Black "Karjakin,Sergey"]
[Result "1/2-1/2"]
[WhiteElo "2664"]
[BlackElo "2732"]

1.d4 d5 2.c4 c6 3.Nc3 Nf6 4.Nf3 e6 5.e3 Nbd7 6.Bd3 dxc4 7.Bxc4 b5 8.Bd3 Bb7
9.O-O a6 10.e4 c5 11.d5 Qc7 12.dxe6 fxe6 13.Bc2 c4 14.Qe2 Bd6 15.Nd4 Nc5
16.f4 e5 17.Ndxb5 axb5 18.Nxb5 Qb6 19.Nxd6+ Qxd6 20.fxe5 Qxe5 21.Rf5 Qe7
22.Qxc4 Ncd7 23.Bd2 Rc8 24.Qb3 Rxc2 25.Qxc2 Bxe4 26.Qc8+ Kf7 27.Qc4+ Qe6
28.Qxe6+ Kxe6 29.Rg5 g6 30.Re1 Rc8 31.Bc3 Kf7 32.Ra5 Bf5 33.h3 h5 34.Bb4 Ne4
35.g4 hxg4 36.hxg4 Rc4 37.gxf5 Rxb4 38.Ra7 Nf6 39.fxg6+ Kxg6 40.Re2 Nc5 41.Rg2+ Kf5
42.Ra5 Ne4 43.Rc2 Kf4 44.Raxc5  1/2-1/2

[Event "TCh-BIH"]
[Site "Neum BIH"]
[Date "2008.06.10"]
[Round "7"]
[White "Stojanovic,Mih"]
[Black "Saric,A"]
[Result "1/2-1/2"]
[WhiteElo "2561"]
[BlackElo "2505"]

1.Nf3 Nf6 2.c4 e6 3.Nc3 d5 4.d4 c6 5.e3 Nbd7 6.Qc2 b6 7.Bd3 Bb7 8.O-O dxc4
9.Bxc4 c5 10.Rd1 cxd4 11.Nxd4 Qb8 12.h3 a6 13.b3 Be7 14.Bb2 b5 15.Be2 O-O  1/2-1/2

[Event "FSGM June"]
[Site "Budapest HUN"]
[Date "2008.06.12"]
[Round "6"]
[White "Roussel Roozmon,T"]
[Black "Wang Puchen"]
[Result "1/2-1/2"]
[WhiteElo "2489"]
[BlackElo "2397"]

1.c4 c6 2.Nf3 Nf6 3.Nc3 d5 4.e3 e6 5.d4 Nbd7 6.Bd3 dxc4 7.Bxc4 b5 8.Be2 Bb7
9.O-O b4 10.Na4 c5 11.dxc5 Nxc5 12.Nd4 Qd5 13.f3 Be7 14.Nxc5 Bxc5 15.Qa4+ Ke7
16.Rd1 Rhd8 17.a3 bxa3 18.b3 Kf8 19.Bxa3 Bxa3 20.Qxa3+  1/2-1/2

[Event "FSIM June"]
[Site "Budapest HUN"]
[Date "2008.06.12"]
[Round "6"]
[White "Szeberenyi,A"]
[Black "Galyas,M"]
[Result "1/2-1/2"]
[WhiteElo "2325"]
[BlackElo "2455"]

1.d4 d5 2.c4 c6 3.Nc3 Nf6 4.e3 e6 5.Nf3 Nbd7 6.Qc2 Bd6 7.Bd3 O-O 8.O-O dxc4
9.Bxc4 a6 10.a4 c5 11.Ne4 Nxe4 12.Qxe4 Nf6 13.Qh4 Nd7 14.Qe4 Nf6 15.Qh4 Nd7  1/2-1/2

[Event "III GM"]
[Site "Mysliborz POL"]
[Date "2008.06.15"]
[Round "8"]
[White "Brener,I"]
[Black "Voloshin,L"]
[Result "1/2-1/2"]
[WhiteElo "2423"]
[BlackElo "2434"]

1.d4 d5 2.Nf3 Nf6 3.c4 e6 4.Nc3 c6 5.e3 Nbd7 6.Qc2 b6 7.Bd3 Bb7 8.O-O Be7
9.b3 O-O 10.Bb2 Rc8 11.cxd5 cxd5 12.Qe2 Qc7 13.Rac1 Qb8 14.Rc2 Rc7 15.Rfc1 Rfc8
16.Nb5 Rxc2 17.Rxc2 Rxc2 18.Qxc2 a6 19.Nc3 Qc8  1/2-1/2

[Event "Open"]
[Site "Teplice CZE"]
[Date "2008.06.15"]
[Round "2"]
[White "Lechtynsky,J"]
[Black "Krejci,Jan1"]
[Result "1/2-1/2"]
[WhiteElo "2420"]
[BlackElo "2096"]

1.d4 d5 2.c4 c6 3.Nc3 Nf6 4.e3 e6 5.Nf3 Nbd7 6.Qc2 Be7 7.Be2 O-O 8.O-O h6
9.b3 b6 10.Bb2 Bb7 11.Rad1 Rc8 12.e4 dxe4 13.Nxe4 Nxe4 14.Qxe4 Qc7 15.Qe3 Bf6
16.Ne5 Nxe5 17.dxe5 Be7 18.Qg3 Rfd8 19.Rd6 Rd7 20.f4 Bf8 21.Rxd7 Qxd7 22.Rd1 Qc7
23.Qd3 c5 24.f5 exf5 25.Qxf5 Rd8 26.Rxd8 Qxd8 27.e6 fxe6 28.Qxe6+ Kh7 29.Qf5+ Kg8
30.Bd3 Qg5 31.Qxg5 hxg5 32.Be5 Bc6 33.Bb8 a6 34.a4 Kf7 35.Bc7 Ke6 36.Kf2 Bd6
37.Bxb6 Ke5 38.a5 Kd4 39.Be2 Kc3 40.Bd8 Kxb3 41.Bxg5 Be5 42.Be3 Bd4 43.g4 Kb4
44.Bxd4 cxd4 45.Bd3 Kxa5 46.c5 Bd7 47.Kf3 Kb4 48.Bxa6 Kxc5 49.Kf4 Kb4 50.h4 Kc3
51.h5 d3 52.g5 d2 53.Be2 Bb5 54.Bg4 Kc2  1/2-1/2

[Event "XXVI Balatoni Sakkfesztival GM"]
[Site "Balatonlelle HUN"]
[Date "2008.06.17"]
[Round "5"]
[White "Varga,Zo"]
[Black "Seres,L"]
[Result "1/2-1/2"]
[WhiteElo "2496"]
[BlackElo "2449"]

1.d4 Nf6 2.c4 e6 3.Nf3 d5 4.Nc3 c6 5.e3 Nbd7 6.Bd3 dxc4 7.Bxc4 b5 8.Bd3 a6
9.O-O c5 10.a4 b4 11.Ne4 Bb7 12.Nxf6+  1/2-1/2

[Event "FSGM June"]
[Site "Budapest HUN"]
[Date "2008.06.17"]
[Round "11"]
[White "Bui Vinh"]
[Black "Nguyen Huynh Minh Huy"]
[Result "1/2-1/2"]
[WhiteElo "2448"]
[BlackElo "2482"]

1.d4 d5 2.c4 c6 3.Nc3 Nf6 4.e3 e6 5.Nf3 Nbd7 6.Qc2 Bd6 7.b3 O-O 8.Be2 b6
9.O-O Bb7 10.e4 dxe4 11.Nxe4 Nxe4 12.Qxe4 Nf6 13.Qc2 c5 14.dxc5 Bxc5 15.Bb2 Qe7
16.Ng5 e5 17.Bd3 h6 18.Ne4 Bd4  1/2-1/2

[Event "Open"]
[Site "Teplice CZE"]
[Date "2008.06.18"]
[Round "5"]
[White "Kozak,Mi"]
[Black "Stastny,Pe"]
[Result "1-0"]
[WhiteElo "2197"]
[BlackElo "2049"]

1.Nf3 d5 2.d4 Nf6 3.c4 c6 4.Nc3 e6 5.e3 Bd6 6.Bd3 Nbd7 7.O-O O-O 8.e4 dxe4
9.Nxe4 Nxe4 10.Bxe4 f5 11.Bc2 e5 12.Ng5 Qf6 13.c5 Bb8 14.Bb3+ Kh8 15.Nxh7 Qh4
16.Nxf8 Nxf8 17.dxe5 Bc7 18.f4 b6 19.Rf3 Qe7 20.Rh3+  1-0

[Event "FSGM June"]
[Site "Budapest HUN"]
[Date "2008.06.19"]
[Round "13"]
[White "Bluvshtein,M"]
[Black "Nguyen Huynh Minh Huy"]
[Result "1/2-1/2"]
[WhiteElo "2544"]
[BlackElo "2482"]

1.d4 d5 2.c4 c6 3.Nf3 Nf6 4.Nc3 e6 5.e3 Nbd7 6.Qc2 Bd6 7.a3 O-O 8.Be2 a6
9.e4 Nxe4 10.Nxe4 dxe4 11.Qxe4 e5  1/2-1/2

[Event "TCh-ARM"]
[Site "Yerevan ARM"]
[Date "2008.06.19"]
[Round "3"]
[White "Melkumyan,H"]
[Black "Petrosian,TL"]
[Result "1-0"]
[WhiteElo "2534"]
[BlackElo "2616"]

1.d4 d5 2.Nf3 Nf6 3.c4 c6 4.e3 e6 5.Nc3 Nbd7 6.Bd3 dxc4 7.Bxc4 b5 8.Bd3 a6
9.O-O c5 10.b3 Bb7 11.Bb2 Bd6 12.a4 cxd4 13.exd4 b4 14.Nb1 Bf4 15.Nbd2 Bxd2
16.Nxd2 Nb6 17.Qe2 Nbd5 18.Qe5 O-O 19.Nc4 a5 20.Rac1 Ne7 21.Ne3 Ng6 22.Qg3 Nd5
23.Rfe1 Qf6 24.Rc5 h5 25.Nc4 h4 26.Qg4 Ngf4 27.Bf1 Nc3 28.Bc1 Ncd5 29.Ne5 Rfc8
30.g3 hxg3 31.hxg3 Rxc5 32.dxc5 Ng6 33.Nxg6 Qxg6 34.Qxg6 fxg6 35.Rxe6 Rc8
36.Bc4 Rxc5 37.Re5 Bc6 38.Bb2 Rxc4 39.bxc4 Nb6 40.Bd4 Nxc4 41.Rc5 Nd2 42.Rxc6 Nf3+
43.Kf1 Nxd4 44.Rc4 Ne6 45.Ke1 Kf7 46.Kd1 Kf6 47.Rc6 Ke5 48.Ra6 Nc5 49.Rxa5 Kd4
50.Kc2 g5 51.g4 Ne4 52.Kb3  1-0

[Event "Serbia Cup"]
[Site "Zlatibor SRB"]
[Date "2008.06.20"]
[Round "5"]
[White "Tadic,Br"]
[Black "Savic,Miod1"]
[Result "0-1"]
[WhiteElo "2495"]
[BlackElo "2542"]

1.Nf3 Nf6 2.c4 c6 3.Nc3 d5 4.e3 e6 5.d4 Nbd7 6.Qc2 Bd6 7.Bd3 dxc4 8.Bxc4 O-O
9.O-O Qe7 10.Bb3 Re8 11.Bd2 h6 12.Rad1 e5 13.Nh4 Nf8 14.Nf5 Bxf5 15.Qxf5 Qd7
16.Qf3 e4 17.Qe2 Ne6 18.f3 exf3 19.Qxf3 Ng5 20.Qf5 Qc7 21.Kh1 Re7 22.Bc2 Rae8
23.g3 b5 24.Ne2 c5 25.h4 Nge4 26.Be1 cxd4 27.Nxd4 Bxg3 28.Bxe4 Nxe4 29.Bb4 Re5
30.Qg4 h5 31.Qf3 Bxh4 32.Ne2 Ng5 33.Qg2 Rxe3  0-1

[Event "Serbia Cup"]
[Site "Zlatibor SRB"]
[Date "2008.06.20"]
[Round "5"]
[White "Maksimovic,Br"]
[Black "Matijevic,N"]
[Result "1-0"]
[WhiteElo "2384"]
[BlackElo "2208"]

1.d4 d5 2.c4 c6 3.Nc3 Nf6 4.e3 e6 5.Nf3 a6 6.Qc2 Nbd7 7.e4 dxe4 8.Nxe4 Nxe4
9.Qxe4 Bb4+ 10.Bd2 Qa5 11.Bd3 Bxd2+ 12.Nxd2 Nf6 13.Qe5 Qxe5+ 14.dxe5 Nd7
15.f4 Nc5 16.Bc2 a5 17.Ke2 Ke7 18.b3 b5 19.cxb5 cxb5 20.Ne4 Nxe4 21.Bxe4 Ra7
22.Rac1 Bd7 23.Rc5 Rc8 24.Rxc8 Bxc8 25.Rc1 Bd7 26.a3 h5 27.Ke3 Be8 28.Rc8 Bd7
29.Rc5 Kd8 30.Kd4 Be8 31.Bc6 Bxc6 32.Rxc6 b4 33.a4 Rd7+ 34.Kc5 Rd5+ 35.Kb6 Kd7
36.Rc7+ Kd8 37.Rb7 g5 38.g3 h4 39.Ka6 h3 40.Rb5 Rd2 41.fxg5 Rxh2 42.Kxa5 Rg2
43.Rxb4 Rxg3 44.Rb8+ Kd7 45.b4 Rxg5 46.Rh8 Rxe5+ 47.b5 Re4 48.Rxh3 Ke7 49.Rd3 f5
50.b6 Kf6 51.Rc3 Ke7 52.Rc7+ Kd8 53.Kb5 Re1 54.Rf7 Rb1+ 55.Ka6 Kc8 56.Re7 Rb4
57.a5 Re4 58.Ka7 Kd8 59.Rf7 Ke8 60.Rh7 f4 61.b7 Rb4 62.b8=Q+ Rxb8 63.Kxb8  1-0

[Event "XXVI Balatoni Sakkfesztival GM"]
[Site "Balatonlelle HUN"]
[Date "2008.06.21"]
[Round "9"]
[White "Lauber,A"]
[Black "Gaponenko,I"]
[Result "0-1"]
[WhiteElo "2434"]
[BlackElo "2442"]

1.d4 d5 2.c4 c6 3.Nf3 Nf6 4.Nc3 e6 5.e3 Nbd7 6.Bd3 dxc4 7.Bxc4 b5 8.Bd3 b4
9.Ne4 Nxe4 10.Bxe4 Bb7 11.Qa4 Qb6 12.O-O Be7 13.Bd2 Nf6 14.Bd3 O-O 15.Rac1 Rfc8
16.e4 c5 17.e5 Ne4 18.dxc5 Nxc5 19.Qc2 b3 20.Qc3 bxa2 21.Bc2 Ne4 22.Qb3 Bd5
23.Qa4 Nxd2 24.Nxd2 Qxb2  0-1

[Event "Marshall NY Int"]
[Site "New York USA"]
[Date "2008.06.21"]
[Round "2"]
[White "Almeida,A"]
[Black "Becerra Rivero,J"]
[Result "0-1"]
[WhiteElo "1724"]
[BlackElo "2575"]

1.d4 d5 2.c4 c6 3.Nc3 Nf6 4.Nf3 e6 5.e3 Nbd7 6.Qc2 Bd6 7.g4 h6 8.Rg1 e5 9.cxd5 cxd5
10.Nb5 Bb8 11.Bd2 e4 12.Rc1 O-O 13.Bb4 exf3 14.Bxf8 Bxh2 15.Rh1 Nxf8 16.Rxh2 Nxg4
17.Rh1 Qg5 18.Qb3 Bd7 19.Nc7 Rc8 20.Rc5 Bc6 21.Nb5 Ne6 22.Rc3 Re8 23.Qd1 Nxf2
24.Kxf2 Bxb5 25.Qxf3 Bxf1 26.Kxf1 Qg6 27.Rc1 Qd3+ 28.Qe2 Qe4 29.Rh2 Nxd4  0-1

[Event "22th Open"]
[Site "Pula CRO"]
[Date "2008.06.21"]
[Round "1"]
[White "Kovacevic,Bl"]
[Black "Schink,B"]
[Result "1-0"]
[WhiteElo "2452"]
[BlackElo "2028"]

1.c4 e6 2.Nc3 d5 3.d4 c6 4.e3 Nf6 5.Nf3 Nbd7 6.Bd3 dxc4 7.Bxc4 b5 8.Be2 Bb7
9.O-O a6 10.e4 c5 11.e5 Nd5 12.a4 b4 13.Ne4 h6 14.Nfd2 N5b6 15.a5 Bxe4 16.Nxe4 Nd5
17.Bc4 Be7 18.Qg4 Kf8 19.Bxd5 exd5 20.Ng3 g6 21.Be3 h5 22.Qf3 h4 23.Ne2 Rh5
24.g4 Nxe5 25.dxe5 Rxe5 26.Nf4 Kg8 27.Nd3 Re4 28.Bxc5  1-0

[Event "22th Open"]
[Site "Pula CRO"]
[Date "2008.06.21"]
[Round "1"]
[White "Nikolov,Sas"]
[Black "Radicevic,M"]
[Result "1-0"]
[WhiteElo "2407"]
[BlackElo "2022"]

1.d4 d5 2.c4 c6 3.Nf3 Nf6 4.Nc3 e6 5.e3 Be7 6.Bd3 dxc4 7.Bxc4 O-O 8.O-O Nbd7
9.e4 b5 10.Bd3 Bb7 11.e5 Nd5 12.Nxd5 exd5 13.Qc2 h6 14.Qe2 a6 15.e6 Nf6 16.exf7+ Kxf7
17.Re1 Qd6 18.Ne5+ Kg8 19.Ng6 Bd8 20.Bf4 Qd7 21.Nxf8 Kxf8 22.Bg6 Ba5 23.Red1 Rd8
24.Rd3 Bc8 25.Rc1 Bc7 26.Be5 Bxe5 27.dxe5 Ne8 28.Rf3+ Kg8 29.e6 Qe7 30.Rf7 Qxe6
31.Qxe6 Bxe6 32.Re7 Bd7 33.Rxd7  1-0

[Event "Open"]
[Site "Teplice CZE"]
[Date "2008.06.21"]
[Round "8"]
[White "Kozak,Mi"]
[Black "Klecker,T"]
[Result "1-0"]
[WhiteElo "2197"]
[BlackElo "2086"]

1.Nf3 Nf6 2.c4 c6 3.Nc3 d5 4.e3 e6 5.d4 Bd6 6.Bd3 O-O 7.O-O Nbd7 8.e4 dxe4
9.Nxe4 Nxe4 10.Bxe4 c5 11.b3 cxd4 12.Qxd4 Bc5 13.Qc3 Qf6 14.Qc2 Qxa1 15.Bb2 Qxa2
16.Ra1 Qxb2 17.Qxb2 Nf6 18.Qc2 Nxe4 19.Qxe4 Be7 20.Qe3 Rd8 21.h4 b6 22.Qe4 Bd7
23.Qb7 Bf6 24.Rxa7 Rxa7 25.Qxa7 b5 26.Qc7 bxc4 27.bxc4 h6 28.c5 e5 29.Nxe5 Be6
30.Nf3 Rd1+ 31.Kh2 Rf1 32.Kg3 Rc1 33.h5 Rc4 34.c6 Rc5 35.Qd6 Rd5 36.Qb8+ Kh7
37.c7 Rc5 38.Qd8 Rc3 39.Kh2 Rc5 40.Qd3+ Kg8 41.Qd8+ Kh7 42.Kg1 Rc1+ 43.Kh2 Rc5
44.Kg3 Rc3 45.Kf4 Rc4+ 46.Ke3 Rc3+ 47.Kd2 Rc5 48.Qd3+ Kg8 49.Qd8+ Kh7 50.Nd4 Bxd4
51.Qxd4 Rxc7 52.Qd3+ g6 53.hxg6+ fxg6 54.Ke3 Bf5 55.Qd8 Rd7 56.Qf8 Rb7 57.f3 h5
58.Kf4 Bb1 59.Kg5 Rb5+ 60.Kh4 Rb3 61.g3 Bf5 62.Kg5 Bb1 63.Kf6 Rb6+ 64.Kg5 Rb5+
65.Kh4 Rb7 66.Qe8 Bf5 67.Kg5 Bb1 68.Qc6 Rf7 69.g4 hxg4 70.fxg4 Kg7  1-0

[Event "Open"]
[Site "Teplice CZE"]
[Date "2008.06.21"]
[Round "8"]
[White "Lechtynsky,J"]
[Black "Vales,V"]
[Result "1-0"]
[WhiteElo "2420"]
[BlackElo "2183"]

1.d4 d5 2.c4 c6 3.Nc3 Nf6 4.e3 e6 5.Nf3 Nbd7 6.Bd3 Bb4 7.O-O O-O 8.a3 Ba5
9.Qc2 dxc4 10.Bxc4 Bc7 11.Ba2 e5 12.h3 h6 13.e4 exd4 14.Nxd4 Nc5 15.Be3 Qe7
16.Rfe1 Re8 17.Nf3 Ncd7 18.Rad1 Nf8 19.e5 N6h7 20.Nb5 Bf5 21.Qxf5 cxb5 22.Bc5  1-0

[Event "22th Open"]
[Site "Pula CRO"]
[Date "2008.06.23"]
[Round "3"]
[White "Karner,C"]
[Black "Pasalic,E"]
[Result "1-0"]
[WhiteElo "2356"]
[BlackElo "2073"]

1.d4 d5 2.c4 c6 3.Nf3 Nf6 4.Nc3 e6 5.e3 Nbd7 6.Bd3 dxc4 7.Bxc4 b5 8.Bd3 Bb7
9.a3 b4 10.Ne4 Nxe4 11.Bxe4 Qb6 12.O-O Be7 13.Bd2 a5 14.axb4 axb4 15.Rxa8+ Bxa8
16.Qa4 O-O 17.Rc1 Rc8 18.Ne1 e5 19.Bf5 Qb7 20.dxe5 Rd8 21.e6 fxe6 22.Bxe6+ Kh8
23.Bxd7 Rxd7 24.Ra1 Rxd2 25.Qxa8+ Qxa8 26.Rxa8+ Bd8 27.Kf1 Kg8 28.Nf3 Rd6
29.Rb8 c5 30.Rc8 Kf7 31.Rxc5 Rd1+ 32.Ke2 Rb1 33.Ne5+ Ke6 34.Nd3 Be7 35.Rc1 Rxc1
36.Nxc1 g5 37.h3 Kf5 38.g4+ Ke4 39.f3+ Kd5 40.Kd3 Bf6 41.b3 Be5 42.Ne2 Bd6
43.f4  1-0

[Event "22th Open"]
[Site "Pula CRO"]
[Date "2008.06.23"]
[Round "3"]
[White "Saric,S"]
[Black "Brkic,A"]
[Result "0-1"]
[WhiteElo "2348"]
[BlackElo "2521"]

1.d4 d5 2.c4 e6 3.Nc3 c6 4.e3 Nf6 5.Nf3 Nbd7 6.Qc2 Bd6 7.Bd2 O-O 8.O-O-O b5
9.e4 b4 10.e5 bxc3 11.Bxc3 Be7 12.exf6 Nxf6 13.Ne5 dxc4 14.Nxc6 Qc7 15.Nxe7+ Qxe7
16.Bxc4 Bb7 17.d5 Nxd5 18.Bxd5 Bxd5 19.Rhe1 Qb7 20.Re3 Rac8 21.Kb1 f6 22.Rd4 Rc7
23.Rh4 h6 24.Rg3 f5 25.Qd2 Be4+ 26.Kc1 Qa6 27.Rxh6 f4 28.Rg5 Rxc3+ 29.bxc3 Rb8
30.Rxg7+ Kxg7 31.Qd4+ Kxh6 32.Qf6+ Kh5 33.Qe5+ Bf5 34.Qxb8 Qf1+ 35.Kd2 Qd3+  0-1

[Event "White Nights Open"]
[Site "St Petersburg RUS"]
[Date "2008.06.23"]
[Round "3"]
[White "Ivanov,Vik3"]
[Black "Orlov,O2"]
[Result "0-1"]
[WhiteElo "2076"]
[BlackElo "2285"]

1.c4 c6 2.Nf3 d5 3.e3 Nf6 4.d4 e6 5.Nc3 Nbd7 6.cxd5 exd5 7.Bd3 Be7 8.O-O O-O
9.Qc2 Re8 10.Rb1 a5 11.Bd2 Bd6 12.e4 dxe4 13.Nxe4 Nxe4 14.Bxe4 Nf6 15.Bf5 Bxf5
16.Qxf5 Qd7 17.Qxd7 Nxd7 18.Rfe1 Rxe1+ 19.Rxe1 f6 20.Kf1 Kf7 21.Re2 Nb6 22.Ke1 Nc4
23.Bc1 g5 24.h3 h5 25.b3 Bb4+ 26.Kd1 Na3 27.Bxa3 Bxa3 28.Kc2 Rd8 29.Re4 c5
30.dxc5 Bxc5 31.Re2 b5 32.Ne1 Rc8 33.Kd3 Bb4 34.Nc2 Rd8+ 35.Ke4 Bc5 36.g4 Re8+
37.Kd3 Rd8+ 38.Ke4 Re8+ 39.Kd3 Rxe2 40.Kxe2 h4 41.f4 Ke6 42.Kf3 Kd5 43.f5 Ke5
44.a4 bxa4 45.bxa4 Kd5 46.Ne3+ Kd4 47.Ke2 Bd6 48.Kf3 Bf4 49.Ng2 Bc1 50.Ne1 Bb2
51.Ke2 Kc4 52.Nd3 Bd4 53.Ne1 Kb3 54.Kd3 Be5 55.Nc2 Bb2 56.Ne3 Kxa4 57.Kc4 Ba1
58.Nd5 Be5 59.Nb6+ Ka3 60.Kb5 Kb3 61.Kxa5 Kc3 62.Kb5 Kd3 63.Nd7 Bb2 64.Kc5 Ke4
65.Kd6 Kf3 66.Ke6 Kg3 67.Nxf6 Kxh3 68.Ne4 Kxg4 69.f6 h3 70.f7 Bg7 71.Ke7 h2
72.f8=Q Bxf8+ 73.Kxf8 Kf4  0-1

[Event "22th Open"]
[Site "Pula CRO"]
[Date "2008.06.24"]
[Round "5"]
[White "Tratar,M"]
[Black "Perhinig,R"]
[Result "1-0"]
[WhiteElo "2477"]
[BlackElo "2272"]

1.d4 d5 2.Nf3 Nf6 3.c4 c6 4.Nc3 e6 5.e3 Nbd7 6.Qc2 a6 7.Bd2 b5 8.cxd5 cxd5
9.Bxb5 Bd6 10.Bd3 O-O 11.O-O Bb7 12.Rfd1 Rc8 13.Qb3 Qc7 14.Rac1 Qb8 15.Ne2 Ne4
16.Bb4 Ndf6 17.Bxd6 Nxd6 18.Ne5 Nc4 19.Nxc4 dxc4 20.Bxc4 Ng4 21.Ng3 Qa8 22.Bf1 Rb8
23.Qa3 Rbc8 24.Qd3 g6 25.f3 Nh6 26.Qd2 f5 27.Rxc8 Qxc8 28.Rc1 Qd7 29.Rc5 Nf7
30.Qc3 Rc8 31.Rxc8+ Bxc8 32.Qc5 h5 33.h4 Kg7 34.Ne2 g5 35.hxg5 Nxg5 36.Qe5+ Kh7
37.Qf6 Qg7 38.Qxg7+ Kxg7 39.Nf4 h4 40.b4 Kf6 41.Nd3 Bd7 42.Nc5 Bb5 43.f4  1-0

[Event "22th Open"]
[Site "Pula CRO"]
[Date "2008.06.24"]
[Round "5"]
[White "Saric,S"]
[Black "Waldmann,G"]
[Result "1-0"]
[WhiteElo "2348"]
[BlackElo "2163"]

1.d4 d5 2.c4 c6 3.Nc3 Nf6 4.e3 e6 5.Nf3 Nbd7 6.Qc2 Bd6 7.Bd2 O-O 8.O-O-O c5
9.e4 cxd4 10.Nxd4 Bc5 11.Bg5 e5 12.Nf5 d4 13.Nd5 Re8 14.Qd3 Bf8 15.Qf3 Re6
16.h4 Qa5 17.a3 Nxd5 18.exd5 e4 19.Qg3 Rg6 20.h5 Rb6 21.Nxd4 Bd6 22.Bf4 Bxf4+
23.Qxf4 Nc5 24.Qe3 Qa4 25.h6 Bg4 26.f3 exf3 27.gxf3 Re8 28.Qg5 Rg6 29.Qf4 Bd7
30.hxg7 b5 31.Qh2 Rxg7 32.Qc2 bxc4 33.Bxc4 Qxc2+ 34.Kxc2 Rg2+ 35.Rd2 Rg5
36.Rh4 Bf5+ 37.Nxf5 Rxf5 38.Rg2+ Kh8 39.Rgh2 Kg7 40.Rxh7+ Kf6 41.d6 Ne6 42.R2h6+ Ke5
43.Bxe6 fxe6 44.Rxa7 Kxd6 45.Ra6+ Ke5 46.Rh3 Rd8 47.Rc6 Rd4 48.Rc3 Kd5 49.b4 Rc4
50.Kb3  1-0

[Event "22th Open"]
[Site "Pula CRO"]
[Date "2008.06.24"]
[Round "5"]
[White "Vavrak,P"]
[Black "Brkic,A"]
[Result "1/2-1/2"]
[WhiteElo "2466"]
[BlackElo "2521"]

1.d4 d5 2.c4 e6 3.Nc3 c6 4.e3 Nf6 5.Nf3 Nbd7 6.Qc2 Bd6 7.b3 O-O 8.Be2 b6
9.O-O Bb7 10.Bb2 Qe7 11.Rfd1 Rfe8 12.Bf1 Rad8 13.g3 h6 14.Bg2 Bb8 15.Nh4  1/2-1/2

[Event "White Nights Open"]
[Site "St Petersburg RUS"]
[Date "2008.06.24"]
[Round "4"]
[White "Kopasov,A"]
[Black "Khropov,B"]
[Result "1/2-1/2"]
[WhiteElo "2041"]
[BlackElo "2247"]

1.d4 d5 2.c4 c6 3.Nf3 Nf6 4.e3 e6 5.Nc3 Be7 6.Bd3 O-O 7.O-O Nbd7 8.e4 dxe4
9.Nxe4 Nxe4 10.Bxe4 Nf6 11.Bd3 c5 12.dxc5 Bxc5 13.Bg5 Be7 14.Qc2 h6 15.Bh4 Qc7
16.Rfd1 Nh5 17.Bxe7 Qxe7 18.Qe2 Nf6 19.Be4 Qc7 20.Ne5 Rb8 21.Rd3 b6 22.Rad1 Bb7
23.Bxb7 Rxb7 24.b4 b5 25.cxb5 Rxb5 26.Nd7 Nxd7 27.Rxd7 Qb8 28.a3 a5 29.bxa5 Rxa5
30.Qf3  1/2-1/2

[Event "White Nights Open"]
[Site "St Petersburg RUS"]
[Date "2008.06.24"]
[Round "4"]
[White "Eidelson,R"]
[Black "Yudin,M"]
[Result "1-0"]
[WhiteElo "2163"]
[BlackElo "2066"]

1.d4 d5 2.c4 e6 3.Nc3 c6 4.e3 Nf6 5.Nf3 Nbd7 6.Qc2 Be7 7.Be2 dxc4 8.Bxc4 b5
9.Bd3 a6 10.O-O Bb7 11.e4 c5 12.d5 c4 13.Be2 exd5 14.exd5 Bxd5 15.Nxd5 Nxd5
16.Rd1 N5f6 17.Ne5 Qc7 18.Nxd7 Nxd7 19.Qe4 Rc8 20.Bf4 Qc6 21.Qe3 Qe6 22.Qg3 Qg6
23.Qh3 Nb6 24.Bg4 Rd8 25.Rxd8+ Bxd8 26.Re1+ Be7 27.Bf5 Qc6 28.Be5 f6 29.Bd4 Nd7
30.Qh5+ Kd8 31.Qf7 Bb4 32.Rd1 Bd6 33.Qxg7 Re8 34.Bxd7 Qxd7 35.Qxf6+ Kc8 36.Qf3 Kb8
37.g3 Qc7 38.Be3 Be5 39.Qh5 Rf8 40.Bg5 Rf7 41.Bd8  1-0

[Event "White Nights Open"]
[Site "St Petersburg RUS"]
[Date "2008.06.26"]
[Round "6"]
[White "Timofeev,An"]
[Black "Yudin,M"]
[Result "1-0"]
[WhiteElo "2248"]
[BlackElo "2066"]

1.c4 e6 2.Nc3 d5 3.d4 c6 4.e3 Nf6 5.Nf3 Nbd7 6.Qc2 Be7 7.g4 dxc4 8.Bxc4 Nb6
9.Bd3 Nfd5 10.Bxh7 Nb4 11.Qb1 g6 12.Bxg6 fxg6 13.Qxg6+ Kd7 14.a3 Rg8 15.Qb1 N4d5
16.e4 Nxc3 17.bxc3 Qf8 18.Qd3 Kc7 19.h3 Bd7 20.a4 Rd8 21.a5 Nc8 22.Rg1 Qf7
23.Rg3 Qh7 24.c4 Bd6 25.Ng5 Qe7 26.f4 c5 27.e5 cxd4 28.exd6+ Qxd6 29.Nf7 Qc5
30.Nxd8 Rxd8 31.a6 b5 32.cxb5 Bxb5 33.Ba3 Qb6 34.Qc2+ Kb8 35.Qc5 Qxa6 36.Rb1 Qa5+
37.Qb4 Qxb4+ 38.Rxb4 a6 39.Rd3 e5 40.fxe5 Rd5 41.Rdxd4 Rxe5+ 42.Re4 Rc5 43.Rb3 Rc2
44.g5 Ka8 45.g6 Rg2 46.Rg4 Re2+ 47.Kd1 Re8 48.g7 Be2+ 49.Kc2 Bxg4 50.hxg4 Rg8
51.Bf8 Ka7 52.g5 a5 53.Rh3 Ne7 54.Bxe7 Rxg7 55.Bf6 Rg8 56.Rh8 Rg6 57.Rh7+ Kb6
58.Rg7  1-0

[Event "TCh-TUR"]
[Site "Kocaeli TUR"]
[Date "2008.06.27"]
[Round "6"]
[White "Kilic,S"]
[Black "Gucin,Z"]
[Result "0-1"]
[WhiteElo "2107"]
[BlackElo "2097"]

1.d4 Nf6 2.c4 e6 3.Nf3 d5 4.Nc3 c6 5.e3 Nbd7 6.Qc2 Bd6 7.Bd3 dxc4 8.Bxc4 e5
9.O-O O-O 10.h3 Qe7 11.Bb3 Bc7 12.Re1 h6 13.Ne4 Nxe4 14.Qxe4 Re8 15.Bd2 Nf6
16.Qc2 e4 17.Nh2 Qd6 18.Nf1 Nh7 19.Ng3 Qg6 20.Kh2 Qg5 21.Qc5 Qg6 22.Qc2 Bf5
23.Rf1 Ng5 24.Be1 Nf3+ 25.Kh1 Nh4 26.Kh2 Rad8 27.Rg1 Nf3+ 28.gxf3 exf3 29.Qd1 Qh5
30.Qxf3 Qxh3+  0-1

[Event "Svein Johannessen Mem"]
[Site "Oslo NOR"]
[Date "2008.06.27"]
[Round "1"]
[White "Bjerke,R"]
[Black "Olsen,Andr"]
[Result "1-0"]
[WhiteElo "2209"]
[BlackElo "1780"]

1.d4 d5 2.c4 c6 3.Nf3 Nf6 4.Nc3 e6 5.e3 Bd6 6.Bd3 dxc4 7.Bxc4 b5 8.Bd3 Bb7
9.e4 b4 10.Na4 Nfd7 11.e5 Be7 12.O-O Na6 13.Qe2 Nc7 14.Rd1 Nd5 15.Qe4 Qa5
16.b3 O-O-O 17.Bg5 c5 18.Qe1 cxd4 19.Bxe7 Nxe7 20.Be4 Bxe4 21.Qxe4 Qd5 22.Qc2+ Qc6
23.Qd2 Qb7 24.Rac1+ Kb8 25.Rc4 Nd5 26.Qxd4 N7b6 27.Nxb6 Qxb6 28.Qxb6+ Nxb6
29.Rcd4 Rxd4 30.Rxd4 Rc8 31.g3 h6 32.Rxb4 Rc2 33.a4 Kc7 34.Rf4 Nd5 35.Rxf7+ Kb6
36.Rxg7 Rc3 37.Nd4 Rd3 38.Nxe6 Rxb3 39.Rb7+  1-0

[Event "22th Open"]
[Site "Pula CRO"]
[Date "2008.06.27"]
[Round "8"]
[White "Bodiroga,P"]
[Black "Plenca,J"]
[Result "1-0"]
[WhiteElo "2405"]
[BlackElo "2294"]

1.Nf3 e6 2.c4 Nf6 3.Nc3 d5 4.d4 c6 5.e3 Nbd7 6.Qc2 Bd6 7.e4 dxe4 8.Nxe4 Nxe4
9.Qxe4 c5 10.Bg5 Qb6 11.O-O-O cxd4 12.Qxd4 Qxd4 13.Nxd4 Be7 14.Be3 a6 15.g3 Nf6
16.f4 Ng4 17.Bg1 e5 18.fxe5 Nxe5 19.Bg2 O-O 20.b3 Bg4 21.Rf1 Rab8 22.Nf5 Ba3+
23.Kc2 Rfe8 24.Bd4 Rbd8 25.Bd5 Nf3 26.Bxf3 Bxf5+ 27.Kc3 b5 28.Bd5 Bg6 29.Re1 a5
30.Rxe8+ Rxe8 31.Kd2 Bb4+ 32.Bc3 Be7 33.Bxa5 Bg5+ 34.Kc3 bxc4 35.bxc4 Re2
36.Kb3 Bc2+ 37.Kb4 Bf5 38.c5 Rc2 39.Bb3 Re2 40.Rd1 h5 41.h4 Be7 42.Bc7 Re4+
43.Kb5 Bg4 44.Rd2 Be2+ 45.Kc6 Bf3 46.Bd5 Re6+ 47.Kd7 Bxd5 48.Rxd5  1-0